LEADER 01278nam a2200325 a 4500 001 000000129671 003 CaOOAMICUS 005 20120717090138.0 008 120717s2012 it u000 u ita r 020 $a978-88-263-1844-8 040 $aPUL$bita 041 1 $aita$hfre 082 04$a236 100 1 $aMyre, André.$0(OLS)http://pul/name/83024 240 10$aPour l'avenir du monde.$lItaliano.$0(OLS)http://pul/title/163907 245 10$aPer il futuro del mondo :$bla risurrezione rivisitata /$cAndré Myre. 260 $aRoma :$bBorla,$c©2012. 300 $a286 p. ;$c21 cm 490 1 $aNuove vie dell'esegesi 504 $aBibliogragfia p. 279-283. 650 4$aEscatologia$xStudi.$0(OLS)http://pul/subject/25447 830 0$aNuove vie dell'esegesi.$0(OLS)http://pul/title/66198 850 $aPUL 852 $aPUL$W1$xSL Religione 3$y85$m236 MYRAN 1$j150150$qDDC 21$B148688$CPULBib$Z2$F148688 $H120220 $82 941 1 $a9 996 $6020$a978-88-263-1844-8$9(OLS)http://pul/number/150296 996 $6082$a236$9(OLS)http://pul/classification/229 996 $6245$aPer il futuro del mondo :$bla risurrezione rivisitata$9(OLS)http://pul/title/163908 996 $6260$aRoma :$bBorla$9(OLS)http://pul/publisher/48061 LEADER 01962nam a2200349 u 4500 001 000000003726 003 CaOOAMICUS 005 20070226104554.0 008 940531s1616 be u000 u lat u 035 $a10097732 040 $aPUL$bita 130 0 $aBiblia.$lLatino.$0(OLS)http://pul/title/5418 245 10$aBiblia Sacra variarum translationum: tribus tomis distincta. 260 $aAntverpiae :$bapud I. Keerbergium,$c1616. 300 $a3 v. ;$c32 cm 500 $aFront. inciso nel vol. 1. Front. con incis. nel v. 3. 500 $aFrontoni; iniziali; finali. 500 $aTesto su due colonne con note marginali. 500 $a"Laurenti Beyerlynck ... Praefatio". 500 $aIl t. 3 ha front. particolare che legge: Novvm Jesv Christi Testamentvm, complectens praeter Vulgatam, Guidonis Fabricij e syriaco, & Benedicti Ariae Montani translationes, insuper Des. Erasmi Roterodami authoris damnati versionem permissam. 500 $aPrecedono nel v. 1 e 2 alcune lettere di S. Girolamo. 700 0 $aHieronymus,$cs.,$d342/347-419.$0(OLS)http://pul/name/3875 700 1 $aBeyerlinck, Laurentius,$d1578-1627.$0(OLS)http://pul/name/3874 850 $aPUL 852 $aPUL$W1$xDP1 Antico 600$y25$m1(1) D 1-3$j4996$nBK-PRI$b $qStampati Antico$B4996$CPULBib$Z2$F4996 $H $81 852 $aPUL$W1$xDP1 Antico 600$y25$m1(1) D 1-3$j4996$nBK-PRI$b $qStampati Antico$B4997$CPULBib$Z2$F4997 $H $81 852 $aPUL$W1$xDP1 Antico 600$y25$m1(1) D 1-3$j4996$nBK-PRI$b $qStampati Antico$B4998$CPULBib$Z2$F4998 $H $81 900 $aGirolamo,$cs.$d 342/347-419$93875 900 $aHieronymus, Sophronius Eusebius,$d342/347-419$93875 941 1 $a15 996 $6245$aBiblia Sacra variarum translationum: tribus tomis distincta$9(OLS)http://pul/title/5446 996 $6260$aAntverpiae :$bapud I. Keerbergium$9(OLS)http://pul/publisher/50051 LEADER 01121nam a2200265 a 4500 001 000000120856 003 CaOOAMICUS 005 20100323143447.0 008 100323t2009 it u000 u ita r 020 $a978-88-10-10881-9 040 $aPUL$bita$dReb 100 1 $aMartini, Carlo Maria,$ccardinale, arcivescovo di Milano,$d1927-2012.$0(OLS)http://pul/name/6653 245 10$aParola alla Chiesa, parola alla città /$cCarlo Maria Martini. 260 $aBologna :$bEDB,$c©2009. 300 $a1822 p. ;$c20 cm 504 $aInclude riferimenti bibliografici ed indice. 650 4$aLettere pastorali.$0(OLS)http://pul/subject/2038 650 4$aTeologia pastorale.$0(OLS)http://pul/subject/1301 850 $aPUL 852 $aPUL$W1$xSL Religione 3$y85$m262. 8 MARCA 1$j138571$qDDC 21$B137790$CPULBib$Z2$F137790 $H111339 $82 941 1 $a9 960 $aPastorale$91301 996 $6020$a978-88-10-10881-9$9(OLS)http://pul/number/143656 996 $6245$aParola alla Chiesa, parola alla città$9(OLS)http://pul/title/151986 996 $6260$aBologna :$bEDB$9(OLS)http://pul/publisher/56073